000 00663nam a2200181Ia 4500
003 GCL
008 140319s9999 xx 000 0 ara d
040 _aGCL /
_cGCL
082 0 4 _a928.1
_bا ع
100 1 _aاحمد عبدالحميد اسماعيل
245 1 0 _aعبدالله البردونى :
_bحياته وشعره /
_cاحمد عبدالحميد اسماعيل
260 _aالقاهرة :
_bمركز الحضارة العربية للاعلام والنشر ،
_c1998
300 _a211 ص ؛
_c24 سم
650 0 4 _aالشعراء العرب
650 0 4 _aالرجال - تراجم
650 0 4 _aعبدالله البردونى
942 _2ddc
_cBK
999 _c5095
_d5095